| 000 | 00758nam a2200217 i 4500 | ||
|---|---|---|---|
| 001 | 179330 | ||
| 003 | ES-MaACL | ||
| 005 | 20250801204215.0 | ||
| 008 | 111103s2009 sp acfo |||| |bspa d | ||
| 080 | _a929 Lancho, Ángel | ||
| 080 | _a796.86 | ||
| 100 | 1 |
_aLancho Martínez, Rafael. _9148459 |
|
| 245 | 1 | 0 |
_aÁngel Lancho y su época / _cRafael Lancho Martínez. |
| 260 |
_aQuintanar del Rey (Cuenca) : _bAyuntamiento de Quintanar del Rey, _c[2009] |
||
| 300 |
_a621 p. : _bil., fot. ; _c23 cm. |
||
| 596 | _aEn solapa delantera: Junta de Comunidades de Castilla-La Mancha. | ||
| 600 | 1 | 4 |
_aLancho, Ángel. _9148460 |
| 650 | 0 | 7 |
_aEsgrima _2embne _912459 |
| 852 |
_aES-MaACL _jN-4693 _z. - Dedicatoria autógrafa del autor |
||
| 999 |
_c179330 _d179330 |
||